| 000 | 01232nam a2200289 c 4500 | ||
|---|---|---|---|
| 003 | BLK | ||
| 005 | 20180422120133.0 | ||
| 008 | 180411b bul|||||r ||||||| ||bul|| | ||
| 010 | _aKNG00205957000 | ||
| 040 | _aBLK | ||
| 041 |
_aBUL _cBUL |
||
| 080 |
_aФренска литература _b821.133.1 _x-14(082.2) _z821.133.1-14(082.2) |
||
| 700 | 1 |
_aХаджикосев, Симеон Дончев _eподб., предг. и прев. _9363366 |
|
| 139 |
_aСнегът зеленина сънува _bС 48 |
||
| 245 | 1 | 0 |
_aСнегът зеленина сънува _bАнтология на провансал. лирика _cподб., предг. и прев. Симеон Дончев Хаджикосев. |
| 257 | _aBGR | ||
| 260 |
_аСофия _bНар. култура _c1990 |
||
| 300 |
_a176 с. _c21 см |
||
| 380 | _aX | ||
| 490 | 1 | _aБиблиотека за европейска средновековна литература Ариел | |
| 500 | _aПрев. е направен от Les Troubadours, anthologie bilingue / Jacques Rouband. | ||
| 852 | _aЦб 164596 | ||
| 856 | 4 |
_qpdf _u |
|
| 856 | 4 |
_qpdf _u |
|
| 942 |
_cKNG _n0 |
||
| 944 |
_aCR _c10.05.2017 _kНора_Радева |
||
| 944 |
_aED _c10.05.2017 _kНора_Радева |
||
| 999 |
_c196684 _d196684 |
||